MAASAI MARA UNIVERSITY

LIBRARY CATALOGUE

Contact Us: +254 020 2685356/7 or 0774 057787

Box: 861-20500, NAROK, KENYA

Email: info@mmarau.ac.ke

Microsoft office 2003/ (Record no. 4073)

MARC details
000 -LEADER
fixed length control field 00550nam a2200205Ia 4500
003 - CONTROL NUMBER IDENTIFIER
control field OSt
005 - DATE AND TIME OF LATEST TRANSACTION
control field 20220408043840.0
008 - FIXED-LENGTH DATA ELEMENTS--GENERAL INFORMATION
fixed length control field 151015s9999 xx 000 0 und d
020 ## - INTERNATIONAL STANDARD BOOK NUMBER
International Standard Book Number 1418860921
040 ## - CATALOGING SOURCE
Transcribing agency MMU
Language of cataloging eng
Modifying agency MMU
Original cataloging agency MMU
050 ## - LIBRARY OF CONGRESS CALL NUMBER
Classification number HF 5548.4 .M525N485 2007
245 ## - TITLE STATEMENT
Title Microsoft office 2003/
Statement of responsibility, etc. Ann Shaffer ...[et al.].
250 ## - EDITION STATEMENT
Edition statement 2nd ed.
260 ## - PUBLICATION, DISTRIBUTION, ETC. (IMPRINT)
Place of publication, distribution, etc. Canada :
Name of publisher, distributor, etc. Thomson,
Date of publication, distribution, etc. 2007.
300 ## - PHYSICAL DESCRIPTION
Extent REF22 p. ;
Other physical details ill.;
500 ## - GENERAL NOTE
General note Includes index
650 ## - SUBJECT ADDED ENTRY--TOPICAL TERM
Topical term or geographic name as entry element _Microsoft office
700 ## - ADDED ENTRY--PERSONAL NAME
Personal name Anne Shaffer
942 ## - ADDED ENTRY ELEMENTS (KOHA)
Source of classification or shelving scheme Library of Congress Classification
Koha item type L
Holdings
Withdrawn status Lost status Source of classification or shelving scheme Damaged status Not for loan Home library Current library Date acquired Source of acquisition Total Checkouts Full call number Barcode Date last seen Price effective from Koha item type
    Library of Congress Classification     Maasai Mara University Library -Main Campus Maasai Mara University Library -Main Campus 02/11/2016 Donation   HF5548.4 .M525N485 2007 201212055 02/11/2016 02/11/2016 L
    Library of Congress Classification     Maasai Mara University Library -Main Campus Maasai Mara University Library -Main Campus 07/11/2016 donation   HF5548.4 .M525N485 2007 20129244 07/11/2016 07/11/2016 L
© 2016 Maasai Mara University.